[Event "Sabaneta op-B 2nd"]
[Site "Sabaneta Antioquia"]
[Date "2023.07.03"]
[Round "9"]
[White "Viera, Jeffren"]
[Black "Alvarez, Juan P"]
[Result "0-1"]
[WhiteElo "1872"]
[BlackElo "1952"]
[PlyCount "64"]
[EventDate "2023.06.28"]
[EventType "swiss"]
[EventRounds "9"]
[EventCountry "COL"]
[SourceTitle "EXT 2024"]
[Source "ChessBase"]
[SourceDate "2023.10.10"]
[SourceVersion "1"]
[SourceVersionDate "2023.10.10"]
[SourceQuality "1"]

1. e4 c5 2. Nf3 d6 3. d4 cxd4 4. Nxd4 Nf6 5. Nc3 g6 6. Be3 Bg7 7. Qd2 Ng4 8. 0-0-0 Nxe3 9. Qxe3 Nc6 10. Nxc6 bxc6 11. Bc4 0-0 12. f4 Qa5 13. Rd3 Rb8 14. f5 d5 15. exd5 Bxf5 16. Rd2 Rb4 17. Bb3 c5 18. a3 c4 19. Ba2 Rxb2 20. Kxb2 Rb8+ 21. Bb3 cxb3 22. cxb3 Qb5 23. b4 Qc4 24. Rc1 Rc8 25. Rf2 Qxd5 26. Qd2 Qe4 27. Rf3 a5 28. Re3 axb4 29. Rxe4 bxc3+ 30. Rxc3 Bxc3+ 31. Qxc3 Rxc3 32. Rxe7 Rc2+ 0-1

[Event "Pereira Risaraldense Cup-C"]
[Site "Pereira"]
[Date "2021.01.22"]
[Round "4"]
[White "Viera, Jeffren"]
[Black "Castano Orrego, Simon"]
[Result "1-0"]
[WhiteElo "1969"]
[BlackElo "1779"]
[PlyCount "75"]
[EventDate "2021.01.20"]
[EventType "tourn"]
[EventRounds "9"]
[EventCountry "COL"]
[SourceTitle "CBM 200 Extra"]
[Source "ChessBase"]
[SourceDate "2021.03.31"]
[SourceVersion "1"]
[SourceVersionDate "2021.03.31"]
[SourceQuality "1"]

1. e4 e6 2. Qe2 c5 3. g3 Nc6 4. c3 g6 5. Bg2 Bg7 6. Nf3 Nge7 7. 0-0 d5 8. d3 0-0 9. Bg5 Re8 10. e5 Qb6 11. g4 Bd7 12. h4 Qc7 13. Re1 b5 14. Nbd2 b4 15. Nb3 bxc3 16. bxc3 Na5 17. Rab1 Nxb3 18. Rxb3 Nc6 19. Qe3 c4 20. dxc4 Na5 21. cxd5 Nxb3 22. d6 Qa5 23. axb3 Rac8 24. c4 Rc5 25. Bf6 Bf8 26. h5 Rb8 27. hxg6 fxg6 28. Nd2 a6 29. Ne4 Rxb3 30. Qxb3 Qxe1+ 31. Kh2 Bc6 32. Nxc5 Qxf2 33. Qg3 Qxc5 34. Bxc6 Qxc6 35. Qd3 Qd7 36. c5 Qa4 37. d7 Qf4+ 38. Kh1 1-0

[Event "Uniagraria AlphaZero op 2nd"]
[Site "Uniagraria"]
[Date "2019.11.11"]
[Round "7"]
[White "Viera, Jeffren"]
[Black "Torres, Richard"]
[Result "1-0"]
[WhiteElo "1600"]
[BlackElo "1992"]
[PlyCount "85"]
[EventDate "2019.11.08"]
[EventType "swiss"]
[EventRounds "7"]
[EventCountry "COL"]
[SourceTitle "CBM 193 Extra"]
[Source "ChessBase"]
[SourceDate "2020.01.31"]
[SourceVersion "1"]
[SourceVersionDate "2020.01.31"]
[SourceQuality "1"]

1. e4 e6 2. d4 d5 3. Nd2 c5 4. exd5 Qxd5 5. dxc5 Qxc5 6. Ngf3 Nf6 7. Bd3 Bd6 8. 0-0 0-0 9. Qe2 Nbd7 10. Nc4 Bc7 11. b4 Qh5 12. Bb2 b5 13. Ncd2 a6 14. Ne4 Bb7 15. Ng3 Bxf3 16. Nxh5 Bxe2 17. Nxf6+ Nxf6 18. Bxe2 Nd5 19. a3 Rac8 20. g3 Bb6 21. Bd3 Nc3 22. Bxc3 Rxc3 23. a4 Rfc8 24. axb5 axb5 25. Ra6 Bd8 26. Ra7 Rb8 27. Rd1 Bb6 28. Rd7 g6 29. Rd2 Ra3 30. Bxb5 Ra1+ 31. Kg2 Rb1 32. c3 Rc1 33. R7d3 Bxf2 34. Rd8+ Rxd8 35. Rxd8+ Kg7 36. Kxf2 Rxc3 37. Be2 Kf6 38. b5 h5 39. b6 Rb3 40. Rb8 Rb2 41. b7 Ke5 42. Ke3 g5 43. Ba6 1-0